Soen Songs - Statistics

General Stats
  • This quiz has been taken 3 times
  • The average score is 35 of 62
Answer Stats
Album Song % Correct
Imperial Antagonist
100%
Cognitive Canvas
100%
Cognitive Delenda
100%
Lotus Bonus EMDR
100%
Cognitive Fraccions
100%
Cognitive Fraktal
100%
Lykaia Bonus Gods Acre
100%
Tellurian Kuraman
100%
Lotus Lascivius
100%
Lotus Lotus
100%
Lykaia Lucidity
100%
Lotus Lunacy
100%
Lykaia Opal
100%
Lotus Opponent
100%
Cognitive Oscillation
100%
Lotus Penance
100%
Tellurian Pluton
100%
Cognitive Purpose
100%
Lotus Rival
100%
Cognitive Savia
100%
Cognitive Slithering
100%
Tellurian Tabula Rasa
100%
Tellurian The Other's Fall
100%
Lotus Bonus Thurifer
100%
Atlantis Trials
100%
Memorial Vitals
100%
Cognitive - Japanese Bonus Writhen
100%
Imperial Fortune
50%
Memorial Icon
50%
Cognitive Ideate
50%
Tellurian Koniskas
50%
Cognitive Last Light
50%
Lotus Martyrs
50%
Imperial Modesty
50%
Lykaia Paragon
50%
Lotus River
50%
Memorial Sincere
50%
Lykaia Sister
50%
Atlantis Snuff
50%
Memorial Tragedian
50%
Lotus Bonus Virtue
50%
Lykaia Bonus Vitriol
50%
Tellurian Void
50%
Lotus Covenant
0%
Imperial Deceiver
0%
Imperial Dissident
0%
Tellurian Ennui
0%
Memorial Fortress
0%
Memorial Hollowed
0%
Imperial Illusion
0%
Memorial Incendiary
0%
Lykaia Jinn
0%
Tellurian Komenco
0%
Imperial Lumerian
0%
Memorial Memorial
0%
Imperial Monarch
0%
Lykaia Orison
0%
Lykaia Sectarian
0%
Lykaia Stray
0%
Tellurian The Words
0%
Memorial Unbreakable
0%
Memorial Violence
0%
No matching quizzes found
Score Distribution
Percent of People with Each Score
Percentile by Number Answered
Your Score History
You have not taken this quiz